000 00526nam a2200193 a 4500
001 23722
003 CO-ViMGA
008 141112s2004 ck r 000 u spa d
020 _a9587043596
040 _aCO-ViMGA
_bspa
_cCO-ViMGA
082 0 4 _aMAC1
100 1 _aMachado, Ana Maria
_915936
245 1 0 _aUn dia de lluvia /
_cAna Maria Machado
260 _aColombia :
_balfaguara
300 _a32p.
650 1 4 _a2 : LLUVIA - CUENTOS INFANTILES
_934307
650 1 4 _aCUENTOS INFANTILES BRASILEÑOS
_92375
942 _2ddc
_cBK
999 _c31817
_d31817